000 00613nam a2200217 i 4500
001 129106
003 ES-MaACL
005 20230906193434.0
007 t|
008 070605s1980 xxk 00110 eng d
020 _a0-408-70930-8
080 _a025.177
100 1 _aTeague, Sidney John.
_9109492
245 1 0 _aMicroform librarianship /
_cJ.S. Teague.
250 _a2nd ed.
260 _aLondon :
_bButterworths,
_c1980.
300 _a125 p. ;
_c23 cm.
650 4 _aMateriales no librarios.
_914846
650 4 _aBibliotecas-
_xColecciones especiales-
_vMicroformas.
_910533
852 4 _aES-MaACL
_jL-9489
999 _c129106
_d129106